[Event "Tournoi francophone 011"]
[Site "Skype"]
[Date "????.??.??"]
[Round "1.1"]
[White "Deville, Olivier"]
[Black "De Coninck, Philippe"]
[Result "1-0"]
[WhiteElo "2081"]
[BlackElo "1352"]
[PlyCount "39"]

1. Nf3 Nc6 2. d4 d5 3. Bf4 Bf5 4. e3 e6 5. c4 Nf6 6. Be2 Bb4+ 7. Nbd2 O-O 8.
O-O Bxd2 9. Nxd2 Re8 10. Rc1 Nb4 11. Qb3 Nc6 12. Qxb7 Qd7 13. Qxc7 Qxc7 14.
Bxc7 Rac8 15. cxd5 Nb4 16. d6 Nxa2 17. Ra1 Nb4 18. Bb5 Rf8 19. Rxa7 Nd7 20.
Bxd7 1-0

[Event "Tournoi francophone 011"]
[Site "Skype"]
[Date "????.??.??"]
[Round "1.2"]
[White "Malbec, Robert"]
[Black "Siret, Bernard"]
[Result "0-1"]
[WhiteElo "1322"]
[BlackElo "2063"]
[PlyCount "32"]

1. e4 c5 2. Nf3 d6 3. d4 cxd4 4. Nxd4 Nf6 5. Nc3 a6 6. Bg5 Nbd7 7. Bd3 Qc7 8.
f4 b5 9. Qf3 h6 10. Bh4 g5 11. e5 Bb7 12. Qe3 dxe5 13. Ndxb5 axb5 14. Nxb5 Qa5+
15. c3 gxf4 16. Qxf4 exf4 0-1

[Event "Tournoi francophone 011"]
[Site "Skype"]
[Date "????.??.??"]
[Round "1.3"]
[White "Lambert, Pierre"]
[Black "Milanese, Serge"]
[Result "1-0"]
[WhiteElo "1902"]
[BlackElo "1311"]
[PlyCount "77"]

1. e4 c5 2. Nf3 Nc6 3. d4 cxd4 4. Nxd4 d6 5. c4 Nf6 6. Nc3 a6 7. Be2 g6 8. Be3
Bg7 9. O-O O-O 10. h3 e5 11. Nf3 Be6 12. Ng5 Ne8 13. Qd2 Nd4 14. Nxe6 Nxe2+ 15.
Qxe2 fxe6 16. Rad1 Rc8 17. Qg4 Qe7 18. b3 Rc6 19. Rd3 b6 20. Rfd1 Nf6 21. Qh4
b5 22. cxb5 axb5 23. Nxb5 Rc2 24. a4 Rc6 25. Rxd6 Rxd6 26. Rxd6 Rd8 27. Bc5 Rc8
28. b4 Qe8 29. f3 h6 30. Qf2 Rc6 31. Qd2 Rc8 32. Qd1 g5 33. Nc7 Qf7 34. Rd8+
Rxd8 35. Qxd8+ Kh7 36. Qd6 Ne8 37. Nxe8 Qxe8 38. b5 Qa8 39. Qa6 1-0

[Event "Tournoi francophone 011"]
[Site "Skype"]
[Date "????.??.??"]
[Round "1.4"]
[White "Moumtaz, Abderrahim"]
[Black "Hilton, Stephen"]
[Result "0-1"]
[WhiteElo "1295"]
[BlackElo "1799"]
[PlyCount "102"]

1. d4 Nf6 2. c4 c5 3. dxc5 Qa5+ 4. Nc3 Nc6 5. Bd2 Qxc5 6. e3 g6 7. Nf3 Bg7 8.
Na4 Qd6 9. Be2 O-O 10. O-O Ne4 11. Qc2 Nxd2 12. Nxd2 Qc7 13. Nc3 d6 14. Nd5 Qd8
15. Nf3 e6 16. Nf4 b6 17. a3 Bb7 18. Rad1 Qe7 19. b4 Rac8 20. Nh3 Ne5 21. Nxe5
dxe5 22. e4 f5 23. f3 Rfd8 24. Rxd8+ Rxd8 25. Rd1 Rd4 26. Nf2 Qd7 27. Rxd4 Qxd4
28. Qd3 fxe4 29. fxe4 Bh6 30. Qxd4 exd4 31. Bf3 Be3 32. Kf1 Bxf2 33. Kxf2 Kf7
34. Ke2 e5 35. Kd3 Kf6 36. h4 g5 37. h5 h6 38. g4 Ke6 39. a4 Kd6 40. Bd1 a5 41.
bxa5 bxa5 42. Bc2 Kc5 43. Kd2 Kb4 44. Kc1 Kxc4 45. Kd2 Bc6 46. Kc1 Kc3 47. Kb1
d3 48. Bd1 Bxe4 49. Ka1 Bd5 50. Kb1 Bb3 51. Bxb3 Kxb3 0-1

[Event "Tournoi francophone 011"]
[Site "Skype"]
[Date "????.??.??"]
[Round "1.5"]
[White "Le Brun, Yves"]
[Black "Rodriguez, Nathalie"]
[Result "1-0"]
[WhiteElo "1719"]
[BlackElo "1268"]
[PlyCount "51"]

1. d4 d5 2. Bf4 Bf5 3. e3 e6 4. Nf3 Nf6 5. Nbd2 Nbd7 6. Be2 Be7 7. Ne5 Nxe5 8.
Bxe5 c5 9. Bb5+ Kf8 10. c3 a6 11. Be2 Ne4 12. Nxe4 Bxe4 13. O-O Qb6 14. Qd2 Bg6
15. dxc5 Qxc5 16. Rac1 f6 17. Bd4 Qd6 18. c4 e5 19. c5 Qe6 20. Bc3 Bxc5 21. Bb4
Bxb4 22. Qxb4+ Kf7 23. Rc7+ Ke8 24. Rxb7 Rd8 25. Bxa6 Rf8 26. Bb5+ 1-0

[Event "Tournoi francophone 011"]
[Site "Skype"]
[Date "????.??.??"]
[Round "1.6"]
[White "Douichi, Mohammed"]
[Black "Rapaire, Jean-Michel"]
[Result "0-1"]
[WhiteElo "1263"]
[BlackElo "1701"]
[PlyCount "48"]

1. e4 d5 2. Nc3 d4 3. Nd5 c6 4. Nf4 e5 5. Nfe2 Bg4 6. d3 Bb4+ 7. Bd2 Qb6 8. Nf3
f6 9. c3 dxc3 10. Be3 c2+ 11. Nd2 cxd1=Q+ 12. Kxd1 Qb5 13. Nc4 Nd7 14. f3 Be6
15. Ng3 Bxc4 16. dxc4 Qa4+ 17. b3 Qa5 18. Bd3 O-O-O 19. Ke2 Ne7 20. Rhd1 Nc5
21. Bxc5 Bxc5 22. Kf1 Bd4 23. Rab1 Qxa2 24. Nf5 Qf2# 0-1

[Event "Tournoi francophone 011"]
[Site "Skype"]
[Date "????.??.??"]
[Round "1.7"]
[White "Ambrosino, Theo"]
[Black "Bustos, Ricardo"]
[Result "1-0"]
[WhiteElo "1675"]
[BlackElo "1243"]
[PlyCount "93"]

1. c4 c5 2. g3 Nc6 3. Bg2 Qc7 4. Nf3 d6 5. b3 e5 6. Bb2 Be6 7. O-O Nf6 8. Nc3
a6 9. Qc2 h6 10. e3 Be7 11. Ne2 O-O 12. d4 cxd4 13. exd4 d5 14. dxe5 Ng4 15.
cxd5 Bxd5 16. Ned4 Qb6 17. Nxc6 Qxc6 18. Qxc6 Bxc6 19. Rfe1 Bc5 20. Re2 h5 21.
Rc1 b6 22. b4 Bb5 23. Rec2 Rae8 24. Nd4 Bxb4 25. Nxb5 axb5 26. Bc6 Re6 27. Bxb5
Nxe5 28. Be2 g6 29. Kg2 Kh7 30. Bd4 Ba3 31. Rd1 b5 32. Bxb5 Rb8 33. Be2 Nc6 34.
Be3 Rb2 35. Rxb2 Bxb2 36. Rd2 Bc1 37. Rd7 Bxe3 38. fxe3 Kg7 39. Bc4 Re7 40.
Rxe7 Nxe7 41. a4 Nc6 42. Bb5 Na5 43. Kf3 Kf6 44. e4 Ke5 45. Be8 f5 46. Bxg6
fxe4+ 47. Bxe4 1-0

[Event "Tournoi francophone 011"]
[Site "Skype"]
[Date "????.??.??"]
[Round "1.9"]
[White "Bourdeau, Yvan"]
[Black "Hargez, Dany"]
[Result "1-0"]
[WhiteElo "1662"]
[BlackElo "1217"]
[PlyCount "77"]

1. c4 e6 2. Nc3 d5 3. cxd5 exd5 4. d4 Bb4 5. a3 Bxc3+ 6. bxc3 Nf6 7. Bg5 Qd6 8.
Nf3 Ne4 9. Qc1 Nd7 10. Bf4 Qc6 11. Bd2 Ndf6 12. Ne5 Qd6 13. Bf4 Be6 14. Nxf7
Qxf4 15. Qxf4 Bxf7 16. Qc1 O-O 17. e3 Ng5 18. Bd3 Bh5 19. Qc2 Nfe4 20. c4 c6
21. c5 Nf6 22. a4 a5 23. O-O Rf7 24. Rab1 Re8 25. Rb6 Nf3+ 26. Kh1 Ng5 27. Qb2
Bg6 28. Bxg6 hxg6 29. Rxb7 Ref8 30. Rxf7 Rxf7 31. Qb6 Nfe4 32. Kg1 Rf5 33. Qxa5
Kh7 34. f3 Nf6 35. h4 Nf7 36. g4 Nxg4 37. fxg4 Rf6 38. Rxf6 gxf6 39. Qc7 1-0

[Event "Tournoi francophone 011"]
[Site "Skype"]
[Date "????.??.??"]
[Round "1.10"]
[White "Porcabeuf, Jean-Marc"]
[Black "Legueltel, Daniel"]
[Result "0-1"]
[WhiteElo "1208"]
[BlackElo "1617"]
[PlyCount "54"]

1. e4 c5 2. Nf3 Nc6 3. d4 cxd4 4. Nxd4 d6 5. Nc3 g6 6. Bc4 Bg7 7. Nf3 Nf6 8.
Bf4 O-O 9. O-O Nd7 10. Re1 Nde5 11. Ng5 Nxc4 12. Qc1 Bd7 13. Nf3 N6e5 14. Nxe5
Nxe5 15. Bh6 Bc6 16. Qd2 Qb6 17. b3 Qa5 18. Bxg7 Kxg7 19. Re3 Bd7 20. Rae1 Rac8
21. f4 Ng4 22. Rg3 Rc5 23. f5 Rfc8 24. Rxg4 Qxc3 25. Qf4 Qxe1+ 26. Qf1 Qxf1+
27. Kxf1 Rxc2 0-1

[Event "Tournoi francophone 011"]
[Site "Skype"]
[Date "????.??.??"]
[Round "1.11"]
[White "Gharbi, Said"]
[Black "Le Bouill, Pierre"]
[Result "1-0"]
[WhiteElo "1598"]
[BlackElo "1198"]
[PlyCount "97"]

1. e4 d5 2. exd5 Qxd5 3. Nc3 Qe6+ 4. Be2 Nf6 5. Nf3 g6 6. O-O Bg7 7. Re1 O-O 8.
Nb5 Na6 9. Bd3 Qd7 10. Ne5 Qd8 11. Nd4 Qxd4 12. Qf3 Nd7 13. Nxd7 Qxd7 14. Bxa6
Qc6 15. Qxc6 bxc6 16. Bxc8 Raxc8 17. Rxe7 Bf6 18. Re4 Rb8 19. Rc4 Rfe8 20. Kf1
Re6 21. c3 Rbe8 22. g3 h5 23. d3 Rd8 24. d4 Rd7 25. Ra4 c5 26. Rxa7 cxd4 27.
cxd4 Bxd4 28. Rb1 Rf6 29. Ra8+ Kg7 30. f4 g5 31. Bd2 gxf4 32. Bxf4 Be5 33. Ra4
Bxf4 34. Rxf4 Rxf4+ 35. gxf4 Rd4 36. Rc1 Rd2 37. Rxc7 Rxb2 38. a4 Rb8 39. Ra7
Kf6 40. Kf2 Ke6 41. a5 f6 42. Kg3 f5 43. Kh4 Rb2 44. h3 Rb8 45. a6 Kf6 46. Rh7
Rg8 47. a7 Ra8 48. Kxh5 Ke6 49. Kg6 1-0

[Event "Tournoi francophone 011"]
[Site "Skype"]
[Date "????.??.??"]
[Round "1.12"]
[White "Maccaferri, Massimo"]
[Black "Guillaume, Mickael"]
[Result "0-1"]
[WhiteElo "1160"]
[BlackElo "1592"]
[PlyCount "40"]

1. b3 d5 2. Ba3 Nc6 3. d4 Nf6 4. e3 e6 5. Bxf8 Kxf8 6. g4 e5 7. g5 Ne4 8. h4
exd4 9. exd4 Qe7 10. Be2 Qb4+ 11. c3 Nxc3 12. Qc2 Nxe2+ 13. Kxe2 Nxd4+ 14. Kd3
Bf5+ 15. Ke3 Nxc2+ 16. Ke2 Qe4+ 17. Kd2 Qd3+ 18. Kc1 Qf1+ 19. Kb2 Nxa1 20. Kxa1
Qxb1# 0-1

[Event "Tournoi francophone 011"]
[Site "Skype"]
[Date "????.??.??"]
[Round "1.13"]
[White "Trivedi, Viral"]
[Black "Ramirez, Luis Antonio"]
[Result "1-0"]
[WhiteElo "1550"]
[BlackElo "1139"]
[PlyCount "71"]

1. d4 d5 2. Bf4 e6 3. e3 Bd6 4. Bg3 Nf6 5. Bd3 O-O 6. Nd2 Be7 7. Ngf3 h6 8. c3
Nh7 9. Qc2 g6 10. O-O Nd7 11. e4 f5 12. exd5 exd5 13. Rfe1 f4 14. Bxg6 fxg3 15.
Bxh7+ Kh8 16. hxg3 Rf7 17. Bg6 Rg7 18. Ne5 Nxe5 19. Rxe5 Qd6 20. Bf5 Qf6 21.
Bxc8 Rxc8 22. Rae1 Rf8 23. Nf3 Qg6 24. Qxg6 Rxg6 25. Rxe7 Rgg8 26. Rxc7 Re8 27.
Rxe8 Rxe8 28. Ne5 Kg8 29. Rd7 Rf8 30. f4 h5 31. Rxb7 Rf5 32. Rxa7 h4 33. Ng4 h3
34. Nh6+ Kf8 35. Nxf5 h2+ 36. Kxh2 1-0

[Event "Tournoi francophone 011"]
[Site "Skype"]
[Date "????.??.??"]
[Round "1.14"]
[White "De Fazio, Monica"]
[Black "Khabou, Taha"]
[Result "0-1"]
[WhiteElo "1136"]
[BlackElo "1547"]
[PlyCount "98"]

1. Nf3 d5 2. g3 e6 3. Bg2 Nf6 4. O-O c5 5. d3 Nc6 6. Be3 Bd6 7. c3 e5 8. Nbd2
d4 9. cxd4 cxd4 10. Bg5 O-O 11. Bxf6 gxf6 12. Qb3 Qc7 13. Rfe1 Be6 14. Nc4 a6
15. Qc2 Nb4 16. Qd2 Be7 17. b3 b5 18. a3 Rad8 19. axb4 bxc4 20. bxc4 Qb6 21.
Qb2 Qxb4 22. Qa3 Qxe1+ 23. Nxe1 Bxa3 24. Rxa3 Bc8 25. Nc2 Rd6 26. e3 dxe3 27.
Nxe3 Rfd8 28. Bf1 Rc6 29. Nd5 Kf8 30. Kg2 Bb7 31. Rb3 Rd7 32. Be2 Rc5 33. Bf3
Kg7 34. Nb6 Bxf3+ 35. Kxf3 Rb7 36. Ke4 Rc6 37. Rc3 Rcxb6 38. c5 Rc6 39. d4 exd4
40. Kxd4 Rd7+ 41. Kc4 Rd2 42. Rd3 Rxd3 43. Kxd3 Rxc5 44. f4 a5 45. g4 a4 46. g5
fxg5 47. h4 a3 48. h5 a2 49. h6+ Kg6 0-1

[Event "Tournoi francophone 011"]
[Site "Skype"]
[Date "????.??.??"]
[Round "1.15"]
[White "Sauvaget, Joel"]
[Black "Bacha, Mehdi"]
[Result "1-0"]
[WhiteElo "1523"]
[BlackElo "1096"]
[PlyCount "69"]

1. d4 d5 2. c4 e6 3. Nc3 a6 4. cxd5 exd5 5. Bf4 Nf6 6. h3 Bd6 7. Bg5 h6 8. Bh4
Be6 9. e3 Nbd7 10. Bd3 Be7 11. Nf3 O-O 12. O-O Re8 13. Bc2 Nf8 14. Ne5 N6h7 15.
Bxe7 Qxe7 16. Re1 c6 17. a3 Red8 18. Na4 Qc7 19. b4 Ng5 20. Nc5 Ngh7 21. Nxe6
fxe6 22. Qg4 Qe7 23. Ng6 Qg5 24. Qxg5 hxg5 25. Ne5 Nf6 26. Rad1 N6h7 27. Ng4
Rd7 28. Bxh7+ Kxh7 29. Ne5 Rdd8 30. g4 Ng6 31. Nxg6 Kxg6 32. Kg2 Rd7 33. Rh1
Kf6 34. h4 Rh8 35. hxg5+ 1-0

[Event "Tournoi francophone 011"]
[Site "Skype"]
[Date "????.??.??"]
[Round "1.16"]
[White "Mimouni, Driss"]
[Black "L'Herbon De Lussats, Jean"]
[Result "0-1"]
[WhiteElo "1052"]
[BlackElo "1501"]
[PlyCount "122"]

1. e4 c5 2. c4 Nc6 3. Nf3 d6 4. d3 Nf6 5. Bd2 Bg4 6. Be2 Ne5 7. Nxe5 Bxe2 8.
Qxe2 dxe5 9. O-O Qd7 10. Nc3 Rd8 11. Nd5 e6 12. Nxf6+ gxf6 13. Rad1 Rg8 14. g3
Ke7 15. Be3 b6 16. b4 Qc6 17. b5 Qb7 18. a4 Rg6 19. a5 Bh6 20. a6 Qa8 21. Bxh6
Rxh6 22. h4 Rg8 23. Qe3 Rhg6 24. Kh1 f5 25. Qf3 Rg4 26. Qg2 f4 27. f3 Rxg3 28.
Qh2 R8g6 29. Rg1 Qg8 30. h5 Rh6 31. Rxg3 fxg3 32. Rg1 Qg5 33. Rxg3 Qc1+ 34. Rg1
Qe3 35. Qh4+ Rf6 36. Rg7 Qxf3+ 37. Rg2 Qf1+ 38. Rg1 Qxd3 39. h6 Qxc4 40. Rg7
Qc1+ 41. Kh2 Qxh6 42. Qxh6 Rxh6+ 43. Kg3 Rg6+ 44. Rxg6 hxg6 45. Kg4 f5+ 46. Kh3
g5 47. Kg3 g4 48. exf5 exf5 49. Kf2 e4 50. Kg2 f4 51. Kf2 Ke6 52. Kg2 Ke5 53.
Kf2 Kd4 54. Ke2 g3 55. Ke1 g2 56. Kf2 f3 57. Kg1 c4 58. Kf2 c3 59. Kg1 c2 60.
Kh2 c1=Q 61. Kh3 g1=Q 0-1

[Event "Tournoi francophone 011"]
[Site "Skype"]
[Date "????.??.??"]
[Round "1.17"]
[White "Marino, Giuseppe"]
[Black "Trapletti, Cosetta"]
[Result "1-0"]
[WhiteElo "1466"]
[BlackElo "1047"]
[PlyCount "53"]

1. e4 e5 2. Nf3 Nc6 3. g3 d6 4. Bg2 Be6 5. d3 Nf6 6. Be3 h6 7. O-O Be7 8. c4
Nd4 9. Bxd4 exd4 10. Nxd4 Qd7 11. Nxe6 Qxe6 12. Nc3 a6 13. Qa4+ c6 14. b4 Rb8
15. b5 Qe5 16. bxc6 Qxc3 17. c7+ b5 18. cxb8=Q+ Bd8 19. Qxa6 O-O 20. Qbxd6 Be7
21. Qxe7 Qxd3 22. cxb5 Ng4 23. Rad1 Qe2 24. Rd8 Rxd8 25. Qxd8+ Kh7 26. Qac8 Kg6
27. Qf5# 1-0

[Event "Tournoi francophone 011"]
[Site "Skype"]
[Date "????.??.??"]
[Round "1.18"]
[White "Gagnon, Sindy"]
[Black "Tamditi, Ibrahim"]
[Result "0-1"]
[WhiteElo "1032"]
[BlackElo "1456"]
[PlyCount "58"]

1. e4 g6 2. c3 Bg7 3. d4 d6 4. Bd3 Nf6 5. Be3 b6 6. Nf3 Bb7 7. O-O Bxe4 8. Bxe4
Nxe4 9. Re1 O-O 10. Qd3 d5 11. c4 c6 12. cxd5 cxd5 13. Nc3 Nxc3 14. Qxc3 Na6
15. Ne5 Bxe5 16. dxe5 Nc7 17. Bh6 Re8 18. e6 Nxe6 19. Rxe6 f6 20. Rc6 d4 21.
Qb3+ Kh8 22. Qf7 Rg8 23. Re1 d3 24. g4 d2 25. Rd1 Qd7 26. Rc3 Qxg4+ 27. Kf1
Qxd1+ 28. Kg2 Qg4+ 29. Kf1 d1=Q# 0-1

[Event "Tournoi francophone 011"]
[Site "Skype"]
[Date "????.??.??"]
[Round "1.19"]
[White "Couto, Januario"]
[Black "Schnell, Nicolas"]
[Result "1-0"]
[WhiteElo "1448"]
[BlackElo "1006"]
[PlyCount "55"]

1. e4 e5 2. Nf3 Nc6 3. Bc4 g5 4. d4 Bb4+ 5. c3 Be7 6. dxe5 Nf6 7. exf6 Bxf6 8.
Qd5 O-O 9. Nxg5 Ne5 10. Nf3 Nxc4 11. Qxc4 d5 12. exd5 Re8+ 13. Kf1 Bf5 14. Nd4
Qe7 15. Be3 Bg5 16. Nxf5 Qe5 17. Qg4 h6 18. Nxh6+ Kf8 19. Bc5+ Kg7 20. Bd4 f6
21. Bxe5 Rxe5 22. Nf5+ Kg8 23. Nd2 Rae8 24. h4 Kf8 25. hxg5 Kf7 26. g6+ Kf8 27.
Qh3 Re2 28. Qh8# 1-0

[Event "Tournoi francophone 011"]
[Site "Skype"]
[Date "????.??.??"]
[Round "1.20"]
[White "Morin, Claude"]
[Black "Pouteau, Pascal"]
[Result "0-1"]
[WhiteElo "1001"]
[BlackElo "1441"]
[PlyCount "60"]

1. d4 d5 2. c4 e6 3. Nf3 Nc6 4. e3 Nf6 5. Bd3 Bb4+ 6. Bd2 Be7 7. O-O Bd7 8. a3
Ne4 9. Nc3 f5 10. cxd5 Nxc3 11. bxc3 exd5 12. Rb1 Na5 13. Ne5 O-O 14. Qc2 b6
15. Qa2 Be6 16. a4 Rf6 17. f4 Qe8 18. Bb5 c6 19. Bd3 Nb7 20. Ba6 Nd6 21. Bc1
Ne4 22. Qc2 Rh6 23. Bd3 Qh5 24. Bxe4 Qxh2+ 25. Kf2 Bh4+ 26. Ke2 fxe4 27. Nxc6
Qxg2+ 28. Rf2 Qxf2+ 29. Kd1 Bg4+ 30. Qe2 Qxe2# 0-1

[Event "Tournoi francophone 011"]
[Site "Skype"]
[Date "????.??.??"]
[Round "1.21"]
[White "Scata, Laura"]
[Black "Canova, Felix"]
[Result "1-0"]
[WhiteElo "1440"]
[BlackElo "1000"]
[PlyCount "45"]

1. d4 d5 2. Nf3 Nc6 3. Bf4 Bg4 4. e3 e6 5. c3 Nf6 6. h3 Bh5 7. Be2 Bd6 8. Ne5
Nxe5 9. dxe5 Bc5 10. exf6 Bxe2 11. Qxe2 O-O 12. fxg7 Re8 13. Nd2 e5 14. Bh2 e4
15. O-O-O b6 16. g4 a5 17. Bf4 Rc8 18. g5 f6 19. h4 fxg5 20. hxg5 c6 21. Qh5
Rf8 22. gxf8=Q+ Qxf8 23. Qxh7# 1-0

[Event "Tournoi francophone 011"]
[Site "Skype"]
[Date "????.??.??"]
[Round "1.22"]
[White "Hampton, Irene"]
[Black "Gerbaux, Regis"]
[Result "0-1"]
[WhiteElo "1000"]
[BlackElo "1404"]
[PlyCount "50"]

1. e4 c5 2. Nc3 a6 3. d3 d6 4. Be2 Nf6 5. Bf4 e5 6. Bg3 Be7 7. Nf3 Nc6 8. O-O
O-O 9. b3 Be6 10. a4 Qa5 11. Qd2 d5 12. Qe1 dxe4 13. Nxe5 c4 14. dxc4 Nxe5 15.
Qd2 Rfd8 16. Bd3 exd3 17. Ra2 dxc2 18. Qxc2 Bd6 19. Re1 Neg4 20. f3 Bxg3 21.
hxg3 Qc5+ 22. Kf1 Nh2+ 23. Ke2 Re8 24. Rh1 Rad8 25. Rxh2 Bxc4# 0-1

[Event "Tournoi francophone 011"]
[Site "Skype"]
[Date "????.??.??"]
[Round "1.24"]
[White "Tolaro, Filippa"]
[Black "Duthoit, Bernard"]
[Result "0-1"]
[WhiteElo "1000"]
[BlackElo "1378"]
[PlyCount "96"]

1. Nf3 c5 2. d4 e6 3. Bf4 Nc6 4. e3 d5 5. c3 cxd4 6. exd4 Nf6 7. Nbd2 a6 8. h3
Bd6 9. Bg5 h6 10. Bxf6 Qxf6 11. Bd3 b5 12. Qc2 b4 13. a3 bxc3 14. Qxc3 Bb7 15.
Bxa6 Rxa6 16. Qb3 Qe7 17. O-O O-O 18. Rac1 Bf4 19. Rcd1 Bxd2 20. Rxd2 Rb8 21.
Re1 Qd8 22. Ne5 Ba8 23. Nxc6 Rxc6 24. Qd3 Bb7 25. Rde2 Ba6 26. Qg3 Bxe2 27.
Rxe2 Qc7 28. f4 Rc1+ 29. Kf2 g5 30. Qg4 Qxf4+ 31. Qxf4 gxf4 32. g3 fxg3+ 33.
Kxg3 Rg1+ 34. Kh4 Rg7 35. b4 Ra8 36. Ra2 f6 37. a4 Rb7 38. b5 Rxb5 39. axb5
Rxa2 40. b6 Rb2 41. Kh5 Kh7 42. Kg4 Rxb6 43. h4 f5+ 44. Kf4 Rb1 45. Ke5 Re1+
46. Kf6 f4 47. Ke7 f3 48. Kd6 f2 0-1

[Event "Tournoi francophone 011"]
[Site "Skype"]
[Date "????.??.??"]
[Round "1.25"]
[White "Amato, Ludovica"]
[Black "Trolese, Caterina"]
[Result "1-0"]
[WhiteElo "1368"]
[BlackElo "1000"]
[PlyCount "37"]

1. e4 d6 2. d4 g6 3. Nf3 Bg7 4. c3 c6 5. Be2 Nf6 6. Qc2 O-O 7. O-O Be6 8. h3
Nbd7 9. Bf4 Qc7 10. Nbd2 Qb6 11. Be3 d5 12. Ng5 h6 13. Nxe6 fxe6 14. exd5 cxd5
15. Qxg6 Kh8 16. Bxh6 Bxh6 17. Qxh6+ Nh7 18. Bd3 Rf6 19. Qxh7# 1-0

[Event "Tournoi francophone 011"]
[Site "Skype"]
[Date "????.??.??"]
[Round "2.1"]
[White "Khabou, Taha"]
[Black "Deville, Olivier"]
[Result "1/2-1/2"]
[WhiteElo "1547"]
[BlackElo "2081"]
[PlyCount "56"]

1. d4 Nf6 2. Bf4 e6 3. e3 c5 4. c3 Nc6 5. Nf3 Nh5 6. Bg5 Qb6 7. Qb3 h6 8. Bh4
g5 9. Bg3 Nxg3 10. hxg3 Bg7 11. Nbd2 d5 12. Bd3 Bd7 13. O-O c4 14. Qxb6 axb6
15. Bc2 b5 16. e4 b4 17. Rfe1 O-O 18. a3 bxa3 19. bxa3 Ra7 20. a4 Rfa8 21. exd5
exd5 22. Rac1 Kf8 23. Nf1 Ne7 24. Rb1 Bc6 25. Ne5 Bxe5 26. Rxe5 Ng6 27. Rf5 Ne7
28. Re5 Ng6 1/2-1/2

[Event "Tournoi francophone 011"]
[Site "Skype"]
[Date "????.??.??"]
[Round "2.2"]
[White "Siret, Bernard"]
[Black "Sauvaget, Joel"]
[Result "1-0"]
[WhiteElo "2063"]
[BlackElo "1523"]
[PlyCount "45"]

1. e4 e5 2. f4 exf4 3. Nf3 d6 4. d4 Bg4 5. Bxf4 Nd7 6. Nc3 g6 7. Qd2 h6 8.
O-O-O Bg7 9. Kb1 a6 10. h3 Bxf3 11. gxf3 Qe7 12. Nd5 Qd8 13. h4 Ne7 14. Bc4
Nxd5 15. Bxd5 Rb8 16. h5 Nb6 17. hxg6 fxg6 18. Bxh6 Bxh6 19. Rxh6 Rxh6 20. Qxh6
Nxd5 21. Qxg6+ Kf8 22. exd5 Qh4 23. Rg1 1-0

[Event "Tournoi francophone 011"]
[Site "Skype"]
[Date "????.??.??"]
[Round "2.3"]
[White "L'Herbon De Lussats, Jean"]
[Black "Lambert, Pierre"]
[Result "0-1"]
[WhiteElo "1501"]
[BlackElo "1902"]
[PlyCount "84"]

1. e4 e5 2. Nf3 Nc6 3. Bb5 a6 4. Bxc6 dxc6 5. Nxe5 Qd4 6. Ng4 Qxe4+ 7. Ne3 Nf6
8. O-O Be6 9. Nc3 Qg6 10. Re1 O-O-O 11. d3 Bd6 12. Nc4 Bxc4 13. dxc4 Bxh2+ 14.
Kxh2 Rxd1 15. Rxd1 Qh5+ 16. Kg1 Ng4 17. Bf4 g5 18. Bg3 f5 19. f4 gxf4 20. Bxf4
Qh4 21. Rd2 Re8 22. g3 Qe7 23. Rad1 Qc5+ 24. Kg2 Ne3+ 25. Bxe3 Qxe3 26. Re2
Qxe2+ 27. Nxe2 Rxe2+ 28. Kf3 Rxc2 29. Kf4 Rxc4+ 30. Kxf5 Rc2 31. Rh1 Rf2+ 32.
Kg5 Rf7 33. g4 Kd8 34. Re1 Re7 35. Rxe7 Kxe7 36. Kh6 Kf6 37. g5+ Kf5 38. b3 c5
39. a4 b5 40. axb5 axb5 41. Kh5 c4 42. bxc4 bxc4 0-1

[Event "Tournoi francophone 011"]
[Site "Skype"]
[Date "????.??.??"]
[Round "2.4"]
[White "Hilton, Stephen"]
[Black "Marino, Giuseppe"]
[Result "1-0"]
[WhiteElo "1799"]
[BlackElo "1466"]
[PlyCount "73"]

1. Nf3 b6 2. g3 Bb7 3. Bg2 e6 4. O-O g6 5. c4 Bg7 6. Nc3 a6 7. Qc2 d6 8. d4 Ne7
9. b3 h6 10. Bb2 Nd7 11. e4 Rb8 12. Rfe1 O-O 13. e5 Bxf3 14. Bxf3 dxe5 15. dxe5
Bxe5 16. Rad1 Bg7 17. Ne4 Qe8 18. Bxg7 Kxg7 19. Qc3+ f6 20. Bg2 e5 21. Nd2 Rc8
22. Nf1 Nc5 23. Ne3 c6 24. b4 Nd7 25. c5 b5 26. Rd6 Nb8 27. Red1 Qf7 28. Qd2
Kh7 29. Ng4 Qg7 30. Ne3 Qf7 31. Bh3 f5 32. f4 exf4 33. gxf4 Rfe8 34. Bg2 Qf8
35. Nc2 Rcd8 36. Rxd8 Rxd8 37. Qxd8 1-0

[Event "Tournoi francophone 011"]
[Site "Skype"]
[Date "????.??.??"]
[Round "2.5"]
[White "Tamditi, Ibrahim"]
[Black "Le Brun, Yves"]
[Result "0-1"]
[WhiteElo "1456"]
[BlackElo "1719"]
[PlyCount "54"]

1. e4 g6 2. Nf3 Bg7 3. e5 d6 4. exd6 Qxd6 5. Bc4 Be6 6. Bb3 Bxb3 7. axb3 Nf6 8.
O-O O-O 9. d4 Nc6 10. c3 e6 11. Re1 a6 12. Ne5 Nd7 13. Nxc6 Qxc6 14. Bf4 Nf6
15. Ra5 b6 16. Rae5 Nd5 17. R5e4 Nxf4 18. Rxf4 Rae8 19. Qd3 b5 20. Nd2 Bh6 21.
Rg4 Bxd2 22. Qxd2 Kg7 23. Re3 Qd5 24. Rh3 Rh8 25. Qc2 Qf5 26. Qxf5 exf5 27. Kf1
fxg4 0-1

[Event "Tournoi francophone 011"]
[Site "Skype"]
[Date "????.??.??"]
[Round "2.6"]
[White "Rapaire, Jean-Michel"]
[Black "Couto, Januario"]
[Result "1-0"]
[WhiteElo "1701"]
[BlackElo "1448"]
[PlyCount "41"]

1. e4 d5 2. exd5 Qxd5 3. Qf3 Nf6 4. Qxd5 Nxd5 5. c3 Bf5 6. Bc4 Nb6 7. Bb3 Nc6
8. d4 e6 9. Bf4 Rc8 10. Nf3 Na5 11. Nbd2 Be7 12. O-O O-O 13. Ne5 Nd5 14. Bg3 c5
15. dxc5 Bxc5 16. Bxd5 exd5 17. b4 f6 18. Nef3 Nc4 19. Nxc4 dxc4 20. bxc5 Rxc5
21. Bd6 1-0

[Event "Tournoi francophone 011"]
[Site "Skype"]
[Date "????.??.??"]
[Round "2.7"]
[White "Pouteau, Pascal"]
[Black "Ambrosino, Theo"]
[Result "0-1"]
[WhiteElo "1441"]
[BlackElo "1675"]
[PlyCount "102"]

1. d4 Nf6 2. c4 e6 3. Bf4 d5 4. Nf3 Bb4+ 5. Nbd2 O-O 6. e3 Bd6 7. Bg3 c5 8. Bd3
Nc6 9. Ne5 cxd4 10. Nxc6 bxc6 11. exd4 dxc4 12. Bxc4 Bxg3 13. hxg3 Qxd4 14. Qc2
Rb8 15. Rb1 Rd8 16. Nf3 Qe4+ 17. Qxe4 Nxe4 18. Rh4 Nc3 19. Rc1 Nd5 20. Bd3 g6
21. b3 Ne3 22. Ke2 Nd5 23. Rxc6 Nb4 24. Rxb4 Rxb4 25. Ne5 f6 26. Nf3 Bb7 27.
Rxe6 Bxf3+ 28. gxf3 Kf7 29. Bc4 Re8 30. Re4+ Kf8 31. Kf1 Rxe4 32. fxe4 a5 33.
f4 a4 34. Ke2 axb3 35. axb3 Ke7 36. Ke3 Kd6 37. Kd4 f5 38. e5+ Kc6 39. Kc3 Kc5
40. Kd3 h6 41. Ke2 Kd4 42. Kf3 g5 43. Ke2 gxf4 44. gxf4 Ke4 45. e6 Rb7 46. Kf2
Kxf4 47. Bd5 Re7 48. Bc4 h5 49. Kg2 h4 50. Kh3 Kg5 51. Be2 Rxe6 0-1

[Event "Tournoi francophone 011"]
[Site "Skype"]
[Date "????.??.??"]
[Round "2.10"]
[White "Legueltel, Daniel"]
[Black "Briere, Jean"]
[Result "1-0"]
[WhiteElo "1617"]
[BlackElo "1387"]
[PlyCount "69"]

1. d4 d5 2. c4 e6 3. Nc3 Nf6 4. Bg5 Be7 5. e3 O-O 6. Bd3 dxc4 7. Bxc4 Nc6 8.
Nf3 Re8 9. O-O h6 10. Bf4 b6 11. Rc1 Bb7 12. Bb5 Bd6 13. Ne5 Bxe5 14. Bxe5 Rf8
15. Bxf6 Qxf6 16. Ne4 Qf5 17. Bxc6 Bxc6 18. Rxc6 Qxe4 19. Rxc7 Rfc8 20. Qc1
Rxc7 21. Qxc7 g6 22. Rc1 b5 23. Qc6 Qxc6 24. Rxc6 a5 25. Kf1 Kf8 26. Ke2 Ke8
27. Kd3 Kd7 28. Rc5 Rb8 29. e4 a4 30. f4 b4 31. Kc4 f5 32. exf5 gxf5 33. d5
exd5+ 34. Rxd5+ Ke6 35. Rb5 1-0

[Event "Tournoi francophone 011"]
[Site "Skype"]
[Date "????.??.??"]
[Round "2.11"]
[White "Duthoit, Bernard"]
[Black "Gharbi, Said"]
[Result "0-1"]
[WhiteElo "1378"]
[BlackElo "1598"]
[PlyCount "84"]

1. e4 e5 2. Nf3 Ne7 3. Nxe5 d6 4. Nf3 Ng6 5. Bc4 Nc6 6. d4 Be7 7. c3 O-O 8. O-O
a6 9. Nbd2 b5 10. Bd3 Re8 11. Re1 Nf4 12. Bc2 Bg5 13. Nf1 Bg4 14. h3 Bh5 15.
Ng3 Bg6 16. Bxf4 Bxf4 17. d5 Na5 18. Nd2 c6 19. Ne2 Bxd2 20. Qxd2 Bxe4 21. b4
Nc4 22. Qc1 cxd5 23. Bxe4 dxe4 24. Nd4 d5 25. a4 Qb8 26. Rd1 e3 27. fxe3 Nxe3
28. axb5 Nxd1 29. Qxd1 axb5 30. Ra5 Rxa5 31. bxa5 Qa7 32. Qa1 Re4 33. Kh2 b4
34. cxb4 Rxd4 35. Qa4 Qc7+ 36. Kg1 Qb8 37. Qc6 Rxb4 38. Qxd5 Rb1+ 39. Kf2 Rb3
40. a6 Qa7+ 41. Ke1 Qe3+ 42. Kd1 Rd3+ 0-1